| 000 | 00651nam a2200205Ia 4500 | ||
|---|---|---|---|
| 001 | L268-22176 | ||
| 003 | IT-CnALBA | ||
| 008 | 170116s9999||||xx |||||||||||||| ||und|| | ||
| 040 |
_aIT-CnALBA _cIT-CnALBA |
||
| 041 | _aITALIANO | ||
| 100 | _aBOROS LADISLAUS, SJ. | ||
| 245 | 0 | _aIRRUZIONE SU DIO. UNA VIA CRUCIS. | |
| 250 | _a1a ed. | ||
| 260 |
_aCINISELLO BALSAMO (MI) _bEDIZIONI PAOLINE _c1972 [1° Ed.:1972 - Ed.Ling.Originale: 1972] |
||
| 300 | _a39 p. | ||
| 501 | _aSocietà San Paolo EM - Piazza San Paolo, 14 - 12051 ALBA (CN) (non commercial uses only) ® Copyright 2017 | ||
| 650 | _aCATECHESI | ||
| 942 | _cBK | ||
| 957 | _71 | ||
| 999 |
_a26918 _bNO _g Copie: 1 _c281280 _d281280 |
||